00512nam a22001577a 4500003000200000005001700002008004100019020001800060050002300078100001800101245004300119260005800162300006200220504005200282650002000334020240806131925.0240806b xxu||||| |||| 00| 0 eng d a9798888363539 aQA 241 b.R36 2024 aRandall, Jude aElementary number theorycJude Randall aNew York, New YorkbLarsen & Keller Education c2024. avi, 189 pages :bblack and white illustrations ; c26cm.  aIncludes bibliographical references and index.  aNumber theory.